| 000 | 01555nam a2200409 a 4500 | ||
|---|---|---|---|
| 001 | vtls000372275 | ||
| 003 | NLI | ||
| 005 | 20210602180413.0 | ||
| 008 | 110113s1995 ii e 000 0 eng | ||
| 020 |
_a8186471057 _cRs.550.00 |
||
| 039 | 9 |
_a201702091131 _bsyamalkb _c201702071308 _dsyamalkb _y201101132243 _zVLOAD |
|
| 040 |
_aNLI : _beng _cNLMARC21 |
||
| 041 | 0 |
_aeng _hkaw |
|
| 044 | _aii | ||
| 082 | 0 | 4 |
_a294.5923 _222 |
| 130 | 1 | 2 |
_aIndonesian Mahabharata _lEnglish and Kawi _9560216 |
| 245 | 1 | 4 |
_aThe Indonesian Mahabharata bhishmaparva / _ctranslated from the original classicl Kawi text by I. Gustu Putu Phalgunadi |
| 260 |
_aNew Delhi : _bInternational Academy of Indian Culture and Aditya Prakashan, _c1995 |
||
| 300 |
_a[5], 283 p.; _c28 cm. |
||
| 440 | 0 |
_aSata-Pitaka series : Indo-Asian literatures _vno. 384 _983276 |
|
| 500 | _aText in Kawi and English | ||
| 504 | _aIncludes bibliographical references | ||
| 650 | 0 |
_aMahabharata _94298 |
|
| 650 | 0 |
_aHinduism _xSacred books _94764 |
|
| 700 | 1 |
_aPhalgunadi, I. Gustu Putu, _d1948-, _4trl _9560217 |
|
| 710 | 1 |
_aInternational Academy of Indian Culture _9447640 |
|
| 730 | 0 |
_aMahabharata _9393497 |
|
| 887 | _aE. Haque KC | ||
| 901 |
_aDB68565 : _b27.06.1996 |
||
| 902 | _aE/O 294.5923 In 2 | ||
| 904 | _aE. Haque | ||
| 905 | _aKC | ||
| 942 |
_2ddc _cBKS |
||
| 949 |
_AVIRTUAITEM _D10012 _X100 _6DB68565 |
||
| 999 |
_aVIRTUA40 _c332995 _d332995 |
||
| 999 | _aVTLSSORT0080*0200*0400*0410*0440*0820*1300*2450*2600*3000*4400*5000*5040*6500*6501*7000*7100*7300*8520*9010*9020*9040*9050*9490*9992 | ||